000
00313nam a2200133Ia 4500
100
_a
Srinivastava/ A.N.
942
_c
BK
654
_a
tensors
245
_a
Tensor Calculus : Theory and Problems
260
_b
Universities Press
_a
Hyderabad
_c
1992
082
_a
515.63
_b
SRI
300
_a
119
546
_a
ENGLISH
999
_c
33716
_d
33716